| 000 | 00906nmm a2200253 a 4500 | ||
|---|---|---|---|
| 001 | ocm000701304 | ||
| 003 | TR-IsHL | ||
| 005 | 20201028135054.0 | ||
| 008 | 131203s1980 tu tur | ||
| 007 | cr cn | ||
| 035 |
_a701304 _b(N$T) |
||
| 050 | 0 | 4 |
_aHF1401 _b.K55 1980 |
| 090 | 0 | 4 |
_aHF1401 _b.K55 1980 |
| 100 | 1 | _aKılkış, Yıldırım | |
| 245 | 1 | 0 |
_aTicaretin ekonomik yeri ve ticaretin fonksiyonları _h[electronic resource] / _cYıldırım Kılkış |
| 260 |
_aİstanbul : _bİstanbul Ticaret Odası, _c1980 |
||
| 300 | _a42 p. | ||
| 650 | 4 | _aEkonomi ve Finans | |
| 650 | 4 | _aEconomics and Finance | |
| 650 | 0 |
_aEkonomi _x Ticaret _x Fonksiyonları |
|
| 650 | 0 |
_aEconomics _x Trade _x Functions |
|
| 650 | 7 |
_aPOLITICAL SCIENCE / International Relations / Trade & Tariffs _2bisacsh |
|
| 856 | 4 | 0 | _uhttp://search.ebscohost.com/login.aspx?direct=true&scope=site&db=e011xww&AN=701304 |
| 999 |
_c6544 _d6544 |
||